00442cam a2200157ua 45000010005000000080039000050400009000440820013000531000037000662450068001032500009001712600035001803000017002156530019002326530033002513204111012n ii |||gr||||Z||||||asm cMAIN a891.45131 aBhattacharjya, Bhupendranarayan,11aNarakkundat kaijanman atithicby Bhupendranarayan Bhattacharjya a1st. aGuahati:bSahitya Prakash,993. a178p:c23cm. aAssamese novel aNarakkundat kaijanman atithi